00692 a2200181 4500003000500000005001700005038001000022040000900032082001200041100003000053245014200083260003200225300001500257505018300272538002900455650001400484651001200498Nust20201112153121.0 asaima cNust a621.382 aSarwar, Sajjad (MSEE-16) aVisual object trackig using powell's direct set method for object localization and kalman filter for occlusion handlingcSajjad Sarwar,  aRawalpindic2012bMCS, NUST axi, 57, p; aIntroduction (page-1) Literature review (page-6) Datasets (page-13) Proposed tracking algorithm (page-19) Rsults and analysis (page-32) Conclusion and future directions (page-49) aAlmirah No 69 Shelf No 2 aPG Thesis aMSEE-16